El humanismo ateo de la actualidad

Salvato in:
Dettagli Bibliografici
Autore principale: Pfeil, Hans (Autore)
Natura: Libro
Lingua:spagnolo
Pubblicazione: Madrid Fax 1962
Serie:Perspectivas, 27
Soggetti:
Tags: Aggiungi Tag
Nessun Tag, puoi essere il primo ad aggiungerne!!

MARC

LEADER 00000nam a2200000 a 4500
001 UCL2002
003 CL-VaPUC
008 031010e19620000SP |||||||||||||||||spa|d
082 0 4 |a 211.8  |b PFE  |2 21 
100 0 |a Pfeil, Hans  |e author  |9 479046 
245 1 3 |a El humanismo ateo de la actualidad 
300 |a 234 p 
942 |c BK 
945 |d 20031010 00:00:00  |a rbrito 
260 |a Madrid  |b Fax  |c 1962 
650 0 |a Ateísmo  |9 265671 
650 0 |a Humanismo  |9 256530 
650 0 |a Liberalismo  |9 255715 
650 0 |a Catolicismo  |9 258690 
650 0 |a Cristianismo  |9 257361 
583 |a last modification  |c 20031010 00:00:00  |k Rodrigo Vera 
490 0 |a Perspectivas, 27 
999 |c 305430  |d 305428 
952 |0 0  |1 0  |4 0  |6 211_800000000000000_PFE_1962  |7 0  |8 A  |9 369310  |a BIBTEO  |b BIBTEO  |d 2019-11-21  |i 2081695  |o 211.8 PFE 1962  |p 2081695  |r 2025-01-17  |w 2019-11-21  |y BK  |k ICR